| 000 | 00548nam a2200229Ia 4500 | ||
|---|---|---|---|
| 003 | OSt | ||
| 005 | 20221005120841.0 | ||
| 006 | a|||||r|||| 00| 0 | ||
| 007 | ta | ||
| 008 | 221004b |||||||| |||| 00| 0 eng d | ||
| 024 | _a117937 | ||
| 037 | _cTextual | ||
| 040 |
_aCRL _cCRL _beng |
||
| 041 |
_2eng _aeng |
||
| 100 |
_aKapoor J N _9629730 |
||
| 245 | 0 | _aFirst course in abstract Algebra | |
| 260 | _c1974 | ||
| 650 | _aMATHEMATICS | ||
| 700 | _a Gupta S K | ||
| 942 |
_cTEXL _2cc |
||
| 999 |
_c1039312 _d1039312 |
||